[Event "WSTCC-50 2020"]
[Site "Prague"]
[Date "2020.03.07"]
[Round "2.23"]
[White "Johnsen, Sylvia"]
[Black "Findlay, Ian T."]
[Result "1-0"]
[WhiteElo "1853"]
[BlackElo "2159"]
[Annotator "TA"]
[PlyCount "97"]
[EventDate "2020.03.06"]
[EventType "team-tourn"]
[EventCountry "CZE"]
[SourceTitle "playchess.com"]
[Source "ChessBase"]
[SourceQuality "1"]

{[%evp 17,96,4,14,-6,8,0,18,-16,-4,-4,-7,-18,-19,-34,-19,-29,-8,-8,-6,-11,25,18,22,9,15,12,10,0,0,0,0,0,22,0,0,0,0,0,-18,-103,-92,-100,-99,-123,-154,-151,-114,-121,-137,-145,-92,-96,-111,-81,-18,-33,-4,-2,12,0,0,-43,-40,-48,-47,-129,-122,-127,-118,-96,0,0,0,0,0,0,0,0,29998,29999,29999]} 1. e4 c5 2. Nc3 Nc6 3. g3 g6 4. Bg2 Bg7 5. d3 d6 6. Nge2 e6 7. O-O Nge7 8. Bg5 h6 9. Be3 Nd4 10. Qd2 {B25: Closed Sicilian: 3 g3, lines without early Be3.} Bd7 11. Rab1 Bc6 12. a3 {The position is equal.} Qd7 (12... d5 $5 {[%cal Rd4e2]} 13. Qc1 Rc8 $11) 13. b4 b6 14. f4 {[#]} h5 $146 ({Predecessor:} 14... O-O 15. g4 f5 16. gxf5 exf5 17. Ng3 d5 18. bxc5 bxc5 {1-0 (49) Pruijssers,R (2514)-Zucchelli,M (2089) Ortisei 2018}) 15. h3 Rd8 (15... O-O {looks sharper.} 16. bxc5 bxc5 17. Bf2 e5 18. Be3 Rab8) 16. Nd1 {[%cal Bc3d1,Bd1f2,Bf2h3,Bh3g5][%mdl 32]} Nxe2+ 17. Qxe2 O-O 18. Nf2 f5 19. h4 d5 20. bxc5 d4 21. Bd2 bxc5 22. Nh3 fxe4 23. Bxe4 Nf5 $36 {[%mdl 2048] Black is pushing.} 24. Kh2 Rde8 25. Ng5 e5 26. Qg2 Bxe4 27. dxe4 Nh6 28. Qf3 (28. Qe2 $11 {remains equal.}) 28... Ng4+ $17 29. Kg1 c4 $1 {[%cal Bc5c4,Bc4c3][%mdl 32]} 30. Rb4 c3 31. Bc1 a5 32. Rb3 exf4 33. gxf4 {[#]} Ne5 $1 {[%mdl 512]} 34. Qh3 (34. fxe5 Rxf3) 34... Qxh3 35. Nxh3 Nc4 (35... d3 $17 {And now ...d2 would win.} 36. Rxc3 Nf3+ {[%mdl 64] Discovered Attack} 37. Rxf3 Bxc3 38. cxd3 Rb8) 36. e5 $1 $11 Rc8 37. Rd1 Rfd8 38. Rd3 Bf8 {White must now prevent ...a4.} 39. Kg2 a4 40. Rb7 Rc6 ({But not} 40... Nxa3 $2 41. Rg3 $1 $18 {[%mdl 512]}) 41. Ra7 (41. Ng5 $15) 41... Bxa3 $17 42. Bxa3 Nxa3 43. f5 {[#] Threatens to win with f6.} Nxc2 (43... Nc4 $1 $17 {[%cal Rc4e5]} 44. Rxa4 Ne3+ 45. Rxe3 dxe3) 44. f6 $1 $11 {Threatening mate with Nf4.} Ne1+ {[%mdl 64] Double Attack} 45. Kg1 {Nf4! would kill now.} Nxd3 46. Ng5 {White threatens Rg7+ and mate.} Nxe5 47. Rg7+ Kf8 $2 {[%mdl 8192]} (47... Kh8 $11 48. Rh7+ Kg8 49. Rg7+ Kh8 50. Rh7+ Kg8 51. Rg7+) 48. Nh7+ Ke8 49. Re7# {Never resign too early! Accuracy: White = 83%, Black = 81%.} 1-0

[Event "WSTCC-50 2020"]
[Site "Prague"]
[Date "2020.03.07"]
[Round "2.24"]
[White "Barron, Michael"]
[Black "Harstad, Christian"]
[Result "1-0"]
[WhiteElo "2075"]
[BlackElo "1854"]
[Annotator "TA"]
[PlyCount "89"]
[EventDate "2020.03.06"]
[EventType "team-tourn"]
[EventCountry "CZE"]
[SourceTitle "playchess.com"]
[Source "ChessBase"]
[SourceQuality "1"]

{[%evp 20,89,69,58,59,50,78,72,64,64,70,62,54,53,51,37,47,0,0,0,0,0,0,0,25,26,81,45,160,153,140,145,188,186,186,175,187,188,197,193,192,183,183,172,189,195,214,196,226,157,186,181,264,270,254,250,360,346,492,488,489,487,474,475,477,475,454,464,508,405,1002,951]} 1. e4 c5 2. Nf3 d6 3. d4 cxd4 4. Nxd4 Nf6 5. f3 g6 6. c4 Bg7 7. Be3 O-O 8. Nc3 Nc6 9. Qd2 Bd7 10. Be2 Qa5 11. O-O Rfc8 {B38: Sicilian: Maroczy Bind with 5...Bg7 and 7...0-0.} 12. Rfd1 Ne5 13. b3 a6 {White is better.} 14. Rac1 Rab8 {[#]} 15. Rc2 $146 ({Predecessor:} 15. Nd5 Qxd2 16. Bxd2 Nxd5 17. cxd5 Nd3 18. Bxd3 Bxd4+ 19. Kf1 Bb2 20. Rxc8+ Rxc8 21. Ke2 {½-½ (71) Kalyoncu,I (1621)-Yasin,H (2078) Istanbul 2015}) 15... Qd8 16. h3 Nc6 17. a4 Nh5 18. Nd5 e5 19. Nxc6 bxc6 20. Nc3 Be6 21. Rb2 Nf4 22. Bf1 $1 ({But not} 22. Qxd6 $2 Qg5 $1 $19 {[%mdl 512]}) 22... Qa5 (22... a5 $11) 23. Kh2 Rd8 {[#] White leaves nothing to chance now.} (23... Qb4 $14) 24. b4 $1 $36 {[%cal Rb4a5][%mdl 2048] White is on the roll.} Qc7 {[#]} 25. a5 $1 d5 {Strongly threatening ...d4.} 26. Bb6 Rxb6 27. axb6 Qxb6 28. cxd5 cxd5 29. Na4 ({Much less strong is} 29. Nxd5 Nxd5 30. Bc4 Bf6 $16) 29... Qa7 30. Nc5 Bf6 31. Qf2 ({Weaker is} 31. Bxa6 dxe4 32. Qxd8+ Bxd8 $14) 31... d4 32. g3 Nh5 33. Bxa6 Bg5 34. Bf1 Qe7 {With the idea ...Nxg3.} 35. Nxe6 fxe6 (35... Qxe6 {is a better defense.} 36. b5 Rb8) 36. Kg2 $18 Be3 37. Qe1 Rf8 (37... Rc8 $142 38. Be2 Nf6) 38. b5 {[%cal Bb4b5,Bb5b6][%mdl 32]} Qg5 (38... Qa3 {keeps fighting.}) 39. b6 Nf4+ 40. Kh2 Nh5 41. h4 Qf6 {intending ...Nxg3.} 42. Be2 g5 {Hoping for ...gxh4.} 43. g4 Qf4+ 44. Kh3 {Threatens to win with b7.} gxh4 (44... Nf6 $142) 45. gxh5 {Accuracy: White = 86%, Black = 50%.} 1-0

[Event "WSTCC-50 2020"]
[Site "Prague"]
[Date "2020.03.07"]
[Round "2.25"]
[White "Kozak, Milos"]
[Black "Schulz, Klaus-Juergen"]
[Result "1/2-1/2"]
[WhiteElo "2174"]
[BlackElo "2331"]
[Annotator "TA"]
[PlyCount "32"]
[EventDate "2020.03.06"]
[EventType "team-tourn"]
[EventCountry "CZE"]
[SourceTitle "playchess.com"]
[Source "ChessBase"]
[SourceQuality "1"]

{[%evp 16,32,22,25,39,35,30,33,32,17,32,32,43,31,36,42,27,24,27]} 1. d4 d5 2. c4 dxc4 3. Nf3 Nf6 4. e3 e6 5. Bxc4 c5 6. O-O a6 7. b3 Nc6 8. Bb2 cxd4 9. Nxd4 Nxd4 {D27: Queen's Gambit Accepted: Classical main line: 7 e4!? and 7 a4.} 10. Qxd4 Qxd4 11. Bxd4 Bd7 {White is slightly better.} 12. Nd2 {[%cal Bb1d2,Bd2c4,Bc4a5][%mdl 32]} Bc6 13. Be2 Bb4 14. Nc4 {[#]} Nd7 $146 ({Predecessor:} 14... b5 15. Ne5 Bd5 16. a4 bxa4 17. Rxa4 a5 18. Bb5+ Ke7 19. Rxb4 axb4 20. Bc5+ Kd8 {1-0 (41) Szekely,P (2505)-Archangelsky,M (2270) Cappelle-la-Grande 1994}) 15. a3 Be7 16. Na5 Bd5 1/2-1/2

[Event "WSTCC-50 2020"]
[Site "Prague"]
[Date "2020.03.07"]
[Round "2.26"]
[White "Maier, Christian"]
[Black "Bartos, Jan"]
[Result "1-0"]
[WhiteElo "2294"]
[BlackElo "2102"]
[Annotator "TA"]
[PlyCount "79"]
[EventDate "2020.03.06"]
[EventType "team-tourn"]
[EventCountry "CZE"]
[SourceTitle "playchess.com"]
[Source "ChessBase"]
[SourceQuality "1"]

{[%evp 11,79,-12,0,-11,-12,-14,-8,-15,26,0,22,10,20,0,35,-7,70,66,77,70,183,190,197,179,181,180,166,85,88,59,67,33,60,57,126,131,120,56,134,113,245,250,239,141,155,56,39,12,208,183,123,111,1577,1588,2228,2208,2072,2083,1845,1824,29989,29990,29990,29991,29991,29992,29992,29993,29994,29995]} 1. e4 e6 2. d4 d5 3. Nc3 Bb4 4. e5 c5 5. dxc5 Ne7 6. Nf3 Nd7 {outshines the older 6...Nbc6.} 7. Bd3 {C17: French: 3 Nc3 Bb4 4 e5 c5 sidelines.} Nxc5 8. O-O Bxc3 9. bxc3 {[#] The position is equal.} Ng6 $146 ({Predecessor:} 9... Bd7 10. Re1 Rc8 11. Rb1 a6 12. Ba3 b5 13. Nd4 Ng6 14. Re3 Na4 15. Qf3 Qg5 {½-½ (41) Dominguez Perez,L (2752)-Rapport,R (2730) Novi Sad 2016}) 10. Re1 O-O 11. Rb1 {[%cal Ba1b1,Bb1b4,Bb4g4][%mdl 32]} Qc7 12. Rb4 Bd7 13. Rg4 Qa5 ({Black should play} 13... Nxd3 $11 14. Qxd3 Rac8) 14. h4 $14 Nxd3 ({Of course not} 14... Qxa2 15. h5 $16) 15. cxd3 Qxc3 (15... h5 $1 $14 16. Rb4 Rfc8) 16. h5 $18 Ne7 17. Bh6 g6 18. Bxf8 Rxf8 19. d4 (19. Qb1 $18) 19... Rc8 $16 20. Rf4 Qc2 21. Qa1 Rc4 22. hxg6 hxg6 (22... Nxg6 $14 23. Rf6 b6) 23. g4 $1 Nc6 24. a3 ({White should try} 24. Kg2 $1 $16 {Rh1 is the strong threat.} Qc3 25. Qxc3 Rxc3 26. Ng5) 24... Rc3 (24... Na5 $14) 25. Kg2 $1 Na5 (25... g5 $16 26. Rf6 (26. Nxg5 Qd2 $16) 26... Be8) 26. Rh1 $1 $18 Nc4 {[#]} 27. Qg1 (27. Qb1 $1 $18 {[%cal Rb1b4] Black must now prevent Qb4.} Qxb1 28. Rxb1) 27... Qe2 $16 28. Qe1 ({Stronger than} 28. Qh2 Ne3+ 29. Kg3 Nf1+ 30. Rxf1 Qxf1 $11) (28. Qb1 $16 {aiming for Qb4.} Rxf3 {[%mdl 64] Remove Defender} 29. Rxf3) 28... Qxe1 29. Rxe1 {And now Ng5 would win.} Rxa3 $2 (29... Nxa3 $11 {and Black stays safe.} 30. Ng5 Be8) 30. Ng5 Be8 31. Rh1 {[%mdl 1024] White has strong compensation.} b5 $2 {[%mdl 8192] [#]} (31... Kg7 $16) 32. Nh7 $1 $18 {[%cal Rh7f6] White threatens Nf6+ and mate.} Bc6 33. Nf6+ Kf8 34. Rh8+ Ke7 35. Ng8+ Kf8 36. g5 {White mates.} Kg7 37. Rfh4 Kf8 38. Nf6+ Ke7 39. Rc8 Rc3 40. Rhh8 {Accuracy: White = 66%, Black = 45%.} 1-0

[Event "WSTCC-50 2020"]
[Site "Prague"]
[Date "2020.03.07"]
[Round "2.27"]
[White "Chaloupka, Vladimir"]
[Black "Wolf, Volker"]
[Result "1/2-1/2"]
[WhiteElo "2058"]
[BlackElo "2278"]
[Annotator "ChessBase"]
[PlyCount "116"]
[EventDate "2020.03.06"]
[EventType "team-tourn"]
[EventCountry "CZE"]
[SourceTitle "playchess.com"]
[Source "ChessBase"]
[SourceQuality "1"]
[TimeControl "40/5400+30:1800+30"]

1. d4 {[%emt 0:00:00]} e6 {[%emt 0:00:00]} 2. c4 {[%emt 0:00:04]} f5 {[%emt 0:00:07]} 3. g3 {[%emt 0:00:28]} Nf6 {[%emt 0:00:08]} 4. Bg2 {[%emt 0:01:01]} d5 {[%emt 0:00:14]} 5. Nc3 {[%emt 0:01:03]} c6 {[%emt 0:00:34]} 6. Nf3 {[%emt 0:01:27]} Bd6 {[%emt 0:00:27]} 7. O-O {[%emt 0:01:39]} O-O {[%emt 0:00:47]} 8. Ne5 {[%emt 0:04:45]} Bxe5 {[%emt 0:11:55]} 9. dxe5 {[%emt 0:00:16]} Ng4 {[%emt 0:00:07]} 10. cxd5 {[%emt 0:02:35]} cxd5 {[%emt 0:04:15]} 11. b3 {[%emt 0:01:46]} Nxe5 {[%emt 0:02:40]} 12. Nb5 {[%emt 0:03:46]} a6 {[%emt 0:02:37]} 13. Nd4 {[%emt 0:02:12]} Nbc6 {[%emt 0:00:30]} 14. Bb2 {[%emt 0:01:37]} Rf7 {[%emt 0:02:09]} 15. Rc1 {[%emt 0:03:19]} Nxd4 {[%emt 0:01:53]} 16. Qxd4 {[%emt 0:01:18]} Nc6 {[%emt 0:00:12]} 17. Qd2 {[%emt 0:00:58]} Bd7 {[%emt 0:03:21]} 18. Bf3 {[%emt 0:02:56]} Be8 {[%emt 0:02:24]} 19. h4 {[%emt 0:05:31]} Rc8 {[%emt 0:03:56]} 20. Rfd1 {[%emt 0:02:21]} Rd7 {[%emt 0:02:53]} 21. b4 {[%emt 0:08:16]} Na7 {[%emt 0:02:08]} 22. Qe3 {[%emt 0:05:08]} Rxc1 {[%emt 0:02:50]} 23. Rxc1 {[%emt 0:00:11]} Nc6 {[%emt 0:00:28]} 24. Qxe6+ {[%emt 0:02:19]} Bf7 {[%emt 0:01:09]} 25. Qxf5 Nxb4 26. Qe5 {[%emt 0:07:03]} d4 {[%emt 0:02:16]} 27. a3 {[%emt 0:05:44]} Nc6 {[%emt 0:01:11]} 28. Bxc6 {[%emt 0:01:19]} bxc6 {[%emt 0:00:01]} 29. Rxc6 {[%emt 0:02:57]} Rd5 {[%emt 0:03:03]} 30. Qf4 {[%emt 0:02:32]} Qe8 {[%emt 0:10:06]} 31. Rc7 {[%emt 0:10:54]} Rd7 {[%emt 0:16:09]} 32. Rxd7 {[%emt 0:02:41]} Qxd7 {[%emt 0:00:18]} 33. Bxd4 {[%emt 0:00:13]} h6 {[%emt 0:03:29]} 34. Qe5 {[%emt 0:01:21]} Bc4 {[%emt 0:02:30]} 35. Kf1 {[%emt 0:03:34]} Qb7 {[%emt 0:03:05]} 36. Kg1 {[%emt 0:00:14]} Qd7 {[%emt 0:00:41]} 37. Bc3 {[%emt 0:00:41]} Bb5 {[%emt 0:02:14]} 38. f3 {[%emt 0:01:29]} Bc6 {[%emt 0:03:20]} 39. Kf2 {[%emt 0:00:14]} Qf7 {[%emt 0:00:40]} 40. g4 {[%emt 0:01:03]} Bb7 {[%emt 0:01:31]} 41. g5 {[%emt 0:00:23]} hxg5 {[%emt 0:02:40]} 42. Qxg5 {[%emt 0:02:00]} Bc6 {[%emt 0:01:28]} 43. h5 {[%emt 0:11:58]} Kh7 {[%emt 0:02:48]} 44. f4 {[%emt 0:02:00]} Be4 {[%emt 0:06:33]} 45. Bd4 {[%emt 0:00:58]} Bc2 {[%emt 0:02:03]} 46. Kg3 {[%emt 0:02:34]} Bb1 {[%emt 0:01:25]} 47. Kh4 {[%emt 0:01:03]} Qd7 {[%emt 0:11:53]} 48. Qe5 {[%emt 0:01:08]} Qb7 {[%emt 0:00:55]} 49. Kg3 {[%emt 0:01:04]} Bc2 {[%emt 0:02:53]} 50. f5 {[%emt 0:01:14]} Qf7 {[%emt 0:01:58]} 51. e4 {[%emt 0:02:08]} Bd1 {[%emt 0:01:23]} 52. h6 {[%emt 0:04:07]} Kxh6 {[%emt 0:00:26]} 53. Qd6+ {[%emt 0:00:41]} Kh7 {[%emt 0:01:17]} 54. Qxa6 {[%emt 0:01:21]} Qh5 {[%emt 0:01:26]} 55. Qd3 {[%emt 0:02:27]} Qg4+ {[%emt 0:03:36]} 56. Kf2 {[%emt 0:00:11]} Qf4+ {[%emt 0:02:15]} 57. Kg2 {[%emt 0:02:16]} Qg4+ {[%emt 0:00:19]} 58. Kf2 {[%emt 0:00:36]} Qf4+ {[%emt 0:00:05]} 1/2-1/2

[Event "WSTCC-50 2020"]
[Site "Prague"]
[Date "2020.03.07"]
[Round "2.28"]
[White "Polster, Wolfgang"]
[Black "Chaloupka, Frantisek"]
[Result "1-0"]
[WhiteElo "2201"]
[BlackElo "1990"]
[Annotator "TA"]
[PlyCount "87"]
[EventDate "2020.03.06"]
[EventType "team-tourn"]
[EventCountry "CZE"]
[SourceTitle "playchess.com"]
[Source "ChessBase"]
[SourceQuality "1"]

{[%evp 13,87,16,18,33,33,20,30,14,22,19,32,17,38,16,14,16,41,28,39,42,31,39,50,31,31,16,26,7,19,0,42,23,79,83,106,7,20,19,36,32,33,41,65,12,171,173,222,224,255,227,240,246,481,217,297,296,296,295,284,279,350,347,334,339,319,297,405,345,350,297,389,312,487,293,503,494]} 1. e4 c5 2. Nc3 d6 3. Bc4 Nc6 4. Nf3 Nf6 5. d4 cxd4 6. Nxd4 e6 7. O-O a6 8. Nxc6 {B88: Sicilian: Sozin Attack.} bxc6 9. Re1 Be7 10. Bb3 {White has an edge.} O-O 11. Bf4 {[#]} e5 $146 ({Predecessor:} 11... d5 12. exd5 cxd5 13. Qf3 Re8 14. Rad1 e5 15. Nxd5 Bg4 16. Nxf6+ Bxf6 17. Qxg4 Qa5 18. Bd2 Qc7 19. Bg5 Qb6 20. Bxf6 Qxf6 21. Rd7 Re7 22. Red1 Rae8 23. R1d6 {1-0 (23) Cespedes Alba,G (1801)-Horvath,O (1900) Austria 2017}) 12. Bg5 Ng4 13. Bxe7 Qxe7 14. Qe2 Be6 15. Rad1 Bxb3 16. axb3 Nf6 17. Qc4 Qc7 18. Re3 Rfd8 19. Red3 Rd7 20. g3 h6 21. Kg2 Ne8 22. Na4 Nf6 {[#]} (22... Rdd8 $11 {remains equal.}) 23. Rc3 $1 $16 Rc8 24. Qe2 (24. Qxa6 $16 Rdd8 25. Nb6) 24... Qb7 25. Rcd3 Rcd8 26. f3 a5 27. Qe3 $36 {[%mdl 2048] Strongly threatening Nb6. White fights for an advantage.} Rb8 28. Rxd6 (28. Qd2 $14) 28... Rxd6 $2 {Black cannot hold the game after this.} (28... Nd5 $1 $11 {and Black is okay.} 29. R1xd5 (29. Qc5 Rxd6 {[%mdl 64] Overworked Piece} 30. Qxd6 Ne3+ {[%mdl 64] Double Attack} 31. Kf2 Nxd1+ 32. Qxd1 Qe7 $17) 29... cxd5) 29. Rxd6 $18 Ne8 30. Rd3 Nc7 31. Nc5 {[%cal Ba4c5,Bc5d7,Bd7b6,Bb6c4][%mdl 32]} Qc8 32. Qd2 {aiming for Nd7.} Nb5 $2 (32... Ne6) 33. c3 (33. Nd7 $142 Rb7 34. Nxe5) 33... Qe8 34. Nd7 Rc8 35. Nb6 Rb8 36. Nc4 Qe6 37. Rd8+ (37. Nxa5 Qe8 $18) 37... Rxd8 38. Qxd8+ {[%mdl 64] [#] Double Attack} Kh7 {Now ...a4 and Black clings on.} 39. Nxa5 ({Don't do} 39. Qxa5 $6 Qd7 $18) 39... g5 40. Qd3 h5 41. Nc4 g4 42. Qd1 Kg6 (42... f6 $142 43. fxg4 hxg4) 43. Ne3 Nd6 $2 (43... gxf3+ 44. Qxf3 Nd6) 44. fxg4 {Accuracy: White = 69%, Black = 43%.} 1-0

[Event "WSTCC-50 2020"]
[Site "Prague"]
[Date "2020.03.07"]
[Round "2.29"]
[White "Pilar, Miloslav"]
[Black "Sokolin, Leonid"]
[Result "0-1"]
[WhiteElo "2056"]
[BlackElo "2496"]
[Annotator "TA"]
[PlyCount "127"]
[EventDate "2020.03.06"]
[EventType "team-tourn"]
[EventCountry "CZE"]
[SourceTitle "playchess.com"]
[Source "ChessBase"]
[SourceQuality "1"]

{[%evp 10,127,12,9,21,-1,7,0,11,13,0,-17,-1,-4,-6,-24,-19,-19,-19,-19,-18,-17,-27,-21,-20,-21,-21,-34,-28,-37,-19,-32,-10,-12,-7,-8,-8,-12,-10,-16,-7,-15,0,0,0,-45,-45,-45,-45,-66,-52,-52,-31,-52,-52,-52,-52,-52,-52,-52,-52,-52,-52,-52,-45,-52,-45,-52,-45,-52,-52,-56,-53,-54,-55,-105,-87,-91,-105,-105,-105,-105,-66,-135,-24,-75,-75,-81,-15,-88,-70,-70,-49,-77,-70,-143,-108,-141,-141,-145,-145,-145,-145,-145,-108,-145,-145,-145,-145,-145,-145,-145,-60,-12837,-12837,-12838,-12839,-12847,-12848,-29993]} 1. d4 e6 2. Nf3 c5 3. c3 Nf6 4. Bf4 Be7 5. e3 Nc6 6. Nbd2 Nh5 {A46: 1 d4 Nf6 2 Nf3 e6: Torre, London and Colle Systems.} 7. Bg3 {[#]} h6 $146 ({Predecessor:} 7... Nxg3 8. hxg3 d5 9. Bd3 h6 10. Qe2 cxd4 11. exd4 Qb6 12. O-O-O Bd7 13. g4 O-O-O 14. Qe3 {1-0 (49) Matlakov,M (2694)-Bartel,M (2641) Tallinn 2016}) 8. Be2 Nxg3 {The position is equal.} 9. hxg3 d5 10. O-O O-O 11. dxc5 Bxc5 12. e4 dxe4 13. Nxe4 Be7 14. Qxd8 Rxd8 15. Rfd1 Bd7 16. Nd6 Rab8 17. Rd2 e5 18. Rad1 Be6 19. b3 a6 20. Nc4 e4 21. Rxd8+ Rxd8 22. Rxd8+ Bxd8 23. Nfd2 f5 24. Nd6 b5 25. a4 Bg5 (25... bxa4 {with more complications.} 26. bxa4 Bc7 27. Nb7 a5 28. Nc5 Bf7) 26. axb5 axb5 27. Bxb5 (27. f4 {is more complex.} exf3 28. Nxf3 Be7 29. Nxb5 Bc5+ 30. Nbd4) 27... Bxd2 28. Bxc6 Bxc3 $11 {[%mdl 4096] Endgame KBB-KBN} 29. Nc4 Bd4 30. Kf1 g5 31. Ke2 Kg7 32. f3 exf3+ 33. gxf3 Kf6 34. Kf1 Bc5 35. Kg2 Ke7 36. Kf1 Kd8 37. Kg2 Kc7 38. Ba8 Ba7 39. Kf1 Kd7 40. Kg2 Ke7 41. Bc6 h5 42. Kh3 Bb8 43. Bb7 Bc7 44. Ba8 Kf6 45. Bc6 Bf7 46. Bb7 (46. Kg2 $15) 46... Bg6 (46... f4 $17 47. g4 Be6) 47. Ba8 (47. Ne3 $11 Ke5 48. f4+ Kd4 49. Nc2+ Kc3 50. Ne3) 47... f4 $17 48. g4 hxg4+ (48... h4 $1 $17 49. Nd2 Ke6) 49. fxg4 (49. Kxg4 $11 Be8 50. Be4) 49... Bd3 50. Kg2 Ke6 51. Bf3 Bd8 52. Nb2 (52. Nd2 $15) 52... Bc2 53. Bd1 Bg6 54. Bf3 Bf6 55. Nd1 Bd4 56. Kf1 Kd6 57. Ke2 Kc5 58. Kd2 Bf7 59. Nc3 Bxc3+ $1 ({Much weaker is} 59... Bxb3 $6 60. Ne4+ Kd5 61. Nxg5+ Ke5 62. Nh3 $11) 60. Kxc3 {[#] intending b4+.} Bd5 (60... Kd6 $1 $17 {aiming for ...Bd5.} 61. Bd1 Ke5) 61. b4+ $2 {[%mdl 8192] Loses the game.} (61. Bd1 $15) 61... Kd6 $19 {Black is clearly winning.} 62. Bd1 {[#]} f3 $1 63. Kd3 f2 64. Kd4 {Accuracy: White = 75%, Black = 84%.} 0-1

[Event "WSTCC-50 2020"]
[Site "Prague"]
[Date "2020.03.07"]
[Round "2.30"]
[White "Dolgitser, Konstantin"]
[Black "Groh, Jiri"]
[Result "1/2-1/2"]
[WhiteElo "2232"]
[BlackElo "1979"]
[Annotator "TA"]
[PlyCount "134"]
[EventDate "2020.03.06"]
[EventType "team-tourn"]
[EventCountry "CZE"]
[SourceTitle "playchess.com"]
[Source "ChessBase"]
[SourceQuality "1"]

{[%evp 17,134,39,56,0,15,8,10,-17,29,17,32,29,33,30,33,16,16,16,16,19,25,7,7,5,10,0,0,-10,0,0,0,0,0,-12,0,0,0,0,-6,-50,17,16,109,112,272,272,312,121,229,33,56,22,22,19,25,22,50,10,25,25,25,25,25,25,25,25,25,25,25,25,25,25,75,75,75,75,75,76,294,294,290,283,283,294,269,28,28,20,20,20,20,18,18,18,18,18,18,18,18,18,18,18,18,17,17,17,17,17,17,17,17,17,17,17,17,17,17,17,17]} 1. d4 d5 2. Nf3 Nf6 3. c4 e6 4. g3 c5 5. cxd5 exd5 6. Bg2 Nc6 7. Nc3 Be7 8. O-O O-O 9. Bg5 h6 {9...c4 is setting a new trend.} 10. Be3 {D34: Tarrasch Defence: 6 g3 Nf6 7 Bg2 Be7.} (10. Bxf6 $14 Bxf6 11. dxc5) 10... Ng4 11. Bc1 Be6 12. h3 {[#]} cxd4 $146 ({Predecessor:} 12... Nf6 13. Be3 c4 14. Ne5 Bb4 15. g4 Bxc3 16. bxc3 Nh7 17. Rb1 Qc8 18. f4 f5 {½-½ (62) Gacso,T (2211)-Boer,J (2144) Aggtelek 1999}) 13. Nxd4 Nxd4 14. Qxd4 Bf6 15. Qb4 Bxc3 16. bxc3 Nf6 17. Qxb7 Qc8 18. Qxc8 Rfxc8 19. Bd2 Ne4 20. Rfd1 Rab8 21. Be3 Nxc3 22. Rd2 a6 23. Bd4 Ne4 24. Rd3 Rc2 25. Bf1 Nd2 26. Bg2 Ne4 27. Ra3 Rb4 28. Be3 Rxe2 ({Black should try} 28... Nc3 $15 29. Ba7 Bc8) 29. Rxa6 $11 Nxg3 (29... Nd2 $11 {remains equal.}) 30. Bf3 $1 $16 Rxe3 $2 ({Wrong is} 30... Bxh3 $2 31. Kh2 $18) (30... Rc4 $16 {might work better.}) 31. fxe3 $18 Rh4 32. Kg2 $2 (32. a4 $18 {and White stays clearly on top.}) 32... Ne4 (32... Nf5 $16) 33. Rh1 $2 (33. Bxe4 $18 {White wants to mate with Ra8+.} Rxe4 34. a4) 33... Ng5 34. Kg3 (34. Be2 {is more complex.} Bf5 35. Kg3 Rb4 36. Ra8+ Kh7 37. Rd1) 34... Nxf3 35. Kxf3 $11 {[%mdl 4096] Endgame KRR-KRB} g5 36. Kg3 Rc4 37. Ra3 h5 38. h4 Rg4+ 39. Kf2 gxh4 40. Rd3 Ra4 41. a3 {[%cal Ba2a3,Ba3a4,Ba4a5][%mdl 32]} h3 42. Ra1 Kf8 43. Rd4 Ra6 44. a4 Ke7 45. a5 {[%mdl 1024] White has strong compensation.} Kd6 46. Rb4 Kc5 47. Rb8 {And now Rc1+ would win.} Kc6 $2 (47... Kd6 $16 {was worth a try.}) 48. Rc1+ $1 $18 Kd7 {[#]} 49. Rb7+ $1 Kd8 {[#]} 50. Rc5 $1 Ra8 51. e4 $2 ({White should play} 51. Kg3 $18) 51... Rc8 $1 $11 {[%cal Rc8c5]} 52. Rxc8+ Kxc8 {KR-KB. The position is equal.} 53. a6 dxe4 54. Rb5 e3+ $1 55. Kxe3 {aiming for a7.} h2 56. Rxh5 {Threatens to win with Rh8+.} Kb8 57. Kd4 Ka7 58. Rxh2 Kxa6 59. Kc5 Ka5 60. Rb2 Ka4 61. Rb8 $1 Ka3 62. Rb4 Bb3 63. Rf4 Be6 64. Rf2 Kb3 65. Rf3+ Ka4 66. Re3 Bb3 67. Re7 {[%cal Re7a7]} Be6 {Accuracy: White = 79%, Black = 74%.} 1/2-1/2

[Event "WSTCC-50 2020"]
[Site "Prague"]
[Date "2020.03.07"]
[Round "2.31"]
[White "Vanek, Petr"]
[Black "Koganov, Mikhail"]
[Result "0-1"]
[WhiteElo "2076"]
[BlackElo "2085"]
[Annotator "TA"]
[PlyCount "31"]
[EventDate "2020.03.06"]
[EventType "team-tourn"]
[EventCountry "CZE"]
[SourceTitle "playchess.com"]
[Source "ChessBase"]
[SourceQuality "1"]

{[%evp 13,16,51,51,41,57]} 1. e4 e5 2. Nf3 Nc6 3. Bb5 a6 4. Ba4 d6 5. O-O Bd7 6. c3 Nge7 7. d4 h6 8. Nbd2 {C75: Ruy Lopez: Deferred Steinitz: 5 c3 Bd7 6 d4 without ...g6.} Ng6 {[%mdl 32768] [#] Loss on time!?} {Predecessor:} 9. Bc2 $146 Be7 10. Nc4 Bg5 11. Ne3 Bxe3 12. Bxe3 Qf6 13. h3 Nf4 14. Bxf4 Qxf4 15. Qc1 Qxc1 16. Raxc1 {1-0 (76) Maksimovic,B (2289)-Paternoster,J (1738) Nova Gorica 2019} 0-1